| 000 | 00831nam a2200217Ia 4500 | ||
|---|---|---|---|
| 001 | 1199 | ||
| 003 | GE_BSU | ||
| 008 | 181216s||||||||xx |||||||||||||| ||und|| | ||
| 040 | _cGE_BSU | ||
| 080 | _a636.085.1(075.8) | ||
| 100 | _aანდრეევი, ნ. | ||
| 245 | _aმდელოს და მინდვრის საკვებწარმოება. | ||
| 245 | _bსახელმძღვ. სას.-სამ. უმაღლ. სასწავლებლების სტუდენტებისათვის | ||
| 260 | _aთბილისი | ||
| 260 | _bგანათლება | ||
| 260 | _c1982 | ||
| 300 | _a663 გვ. 21 სმ. | ||
| 541 | _h18 ლ. | ||
| 653 | _aმდელოს და მინდვრის საკვებწარმოება | ||
| 942 | _cBK | ||
| 999 |
_c35346 _d35346 |
||